វិទ្យាសាស្ត្រ ថ្នាក់ទី ៩ / (Record no. 6917)

MARC details
000 -LEADER
fixed length control field 01468nam a22002417a 4500
001 - CONTROL NUMBER
control field 6917
003 - CONTROL NUMBER IDENTIFIER
control field FISKH
005 - DATE AND TIME OF LATEST TRANSACTION
control field 20250606115243.0
008 - FIXED-LENGTH DATA ELEMENTS--GENERAL INFORMATION
fixed length control field 250606b cb ||||| |||| 00| 0 eng d
020 ## - INTERNATIONAL STANDARD BOOK NUMBER
International Standard Book Number 9789995001346
040 ## - CATALOGING SOURCE
Original cataloging agency FISKH
Language of cataloging eng
Transcribing agency FISKH
Modifying agency FISKH
082 ## - DEWEY DECIMAL CLASSIFICATION NUMBER
Classification number 500
100 ## - MAIN ENTRY--PERSONAL NAME
Personal name Kunthy, So
245 ## - TITLE STATEMENT
Title វិទ្យាសាស្ត្រ ថ្នាក់ទី ៩ /
Statement of responsibility, etc. លោក សូ គន្ធី ,លោក ហែម សាលី និង លោក​ សួន​ សុជាតិ
250 ## - EDITION STATEMENT
Edition statement បោះពុម្ពឆ្នាំ ២០១៨
260 ## - PUBLICATION, DISTRIBUTION, ETC.
Place of publication, distribution, etc. ភ្នំពេញ :
Name of publisher, distributor, etc. គ្រឺះស្ថានបោះពុម្ពនិងចែកផ្សាយ ,
Date of publication, distribution, etc. ២០១៨ .
300 ## - PHYSICAL DESCRIPTION
Extent 316 pages :
Other physical details illustrations ;
Dimensions 25 cm .
520 ## - SUMMARY, ETC.
Summary, etc. សៀវភៅនេះមានគោលបំណងដើម្បីអភិវឌ្ឍសមត្ថភាពវិទ្យាសាស្ត្ររបស់សិស្ស និងជួយឱ្យពួកគេអាចប្រើប្រាស់ចំណេះដឹងវិទ្យាសាស្ត្រនៅក្នុងជីវិតប្រចាំថ្ងៃបានយ៉ាងមានប្រសិទ្ធភាព។<br/><br/>
520 ## - SUMMARY, ETC.
Summary, etc. This book aims to develop students' scientific skills and help them apply scientific knowledge in daily life effectively.
700 ## - ADDED ENTRY--PERSONAL NAME
Personal name Virak, Hay
942 ## - ADDED ENTRY ELEMENTS (KOHA)
Source of classification or shelving scheme Dewey Decimal Classification
Koha item type Khmer Books
Suppress in OPAC No
Holdings
Withdrawn status Lost status Source of classification or shelving scheme Damaged status Not for loan Collection Home library Current library Shelving location Date acquired Total Checkouts Full call number Barcode Date last seen Price effective from Koha item type
    Dewey Decimal Classification     Khmer Language Books / សៀវភៅភាសាខ្មែរ Footprints International School Library Network Toul Tom Poung Campus Footprints International School Library Network Toul Tom Poung Campus TTP Secondary Khmer Bookshelves 06/06/2025   KUN 500 2025-1556 06/06/2025 06/06/2025 Khmer Books